000 00644nam a2200277Ia 4500
005 20260324123516.0
008 008 260324s9999 xx 000 0 eng d
020 _a9781315721361
037 _aEBOOK
040 _aCRL
040 _beng
040 _cCRL
041 _2eng
041 _aeng
084 _qCRL
100 _aFrancis Cullen; Karen Gilbert
_91170580
245 0 _aReaffirming Rehabilitation
260 _bTaylor and Francis
260 _c2012
365 _a
365 _b280
856 _uhttp://www.taylorfrancis.com/books/9781315721361
942 _cEBOOK
999 _c1764158
_d1764158